Filmy animowane Disneya - Statystyki

Ogólne statystyki
  • Ten quiz został rozwiązany 673 razy
  • Średni wynik to 15 z 64
Statystyki odpowiedzi
Rok Film % Poprawnych
1950 Kopciuszek
68%
1994 Król lew
62%
1959 Śpiąca królewna
59%
2013 Kraina Lodu
56%
1991 Piękna i Bestia
55%
1989 Mała syrenka
52%
2010 Zapłatani
52%
1995 Pocahontas
47%
1998 Mulan
46%
2016 Vaiana
43%
1961 101 dalmatyńczyków
39%
1937 Królewna Śnieżka i siedmiu krasnoludków
39%
1942 Bambi
38%
1955 Zakochany Kundel
38%
1992 Aladyn
37%
2019 Kraina Lodu 2
37%
2016 Zwierzogród
37%
2009 Księżniczka i żaba
35%
1999 Tarzan
31%
1953 Piotruś Pan
29%
1997 Herkules
27%
1940 Pinokio
27%
2021 Nasze magiczne Encanto
26%
2025 Zwierzogród 2
26%
1996 Dzwonnik z Notre Dame
25%
1967 Księga dżungli
25%
1941 Dumbo
23%
2024 Vaiana 2
23%
2012 Ralph Demolka
21%
2023 Życzenie
20%
2001 Atlantyda - Zaginiony ląd
18%
2003 Mój brat niedźwiedź
18%
1951 Alicja w Krainie Czarów
17%
2002 Lilo i Stitch
17%
1940 Fantazja
16%
2000 Nowe szaty króla
16%
2002 Planeta skarbów
14%
1973 Robin Hood
14%
1981 Lis i Pies
13%
2014 Wielka szóstka
13%
1970 Aryskotraci
11%
2008 Piorun
11%
2021 Raya i ostatni smok
11%
2004 Rogate ranczo
10%
1963 Miecz w kamieniu
9%
1977 Bernard i Bianka
8%
2005 Kurczak Mały
8%
2018 Ralph Demolka 2
8%
2000 Dinozaur
7%
2022 Dziwny świat
6%
1999 Fantazja 2000
6%
2011 Kubuś i przyjaciele
6%
1977 Przygody Kubusia Puchatka
6%
1986 Wielki mysi detektyw
6%
1988 Oliver i spółka
5%
2007 Rodzinka Robinsonów
5%
1985 Taran i magiczny kocioł
5%
1948 Kolorowe melodie
4%
1942 Saludos Amigos
4%
1990 Bernard i Bianka w krainie kangurów
3%
1947 Figle i androny
3%
1946 Make Mine Music
3%
1949 Przygody Ichaboda i Pana Ropucha
3%
1944 Trzej Caballeros
3%
Nie znaleziono quizów pasujących do podanych kryteriów
Rozkład punktacji
Procent ludzi z każdym wynikiem
Percentyl według liczby udzielonych odpowiedzi
Twoja historia wyników
Nie rozwiązałeś tego quizu